Unit operations of chemical engineering (Record no. 13416)

000 -LEADER
fixed length control field 00603nam a22002171 4500
001 - CONTROL NUMBER
control field 13416
003 - CONTROL NUMBER IDENTIFIER
control field BD-DhUET
008 - FIXED-LENGTH DATA ELEMENTS--GENERAL INFORMATION
fixed length control field 740410s1967 nyua b 000 0 eng
040 ## - CATALOGING SOURCE
Original cataloging agency DLC
Transcribing agency DLC
Modifying agency BD-DhUET
082 00 - DEWEY DECIMAL CLASSIFICATION NUMBER
Classification number 660.2842
Item number MCC/1967
100 1# - MAIN ENTRY--PERSONAL NAME
Personal name McCabe, Warren L.
245 10 - TITLE STATEMENT
Title Unit operations of chemical engineering
250 ## - EDITION STATEMENT
Edition statement 2nd ed.
260 ## - PUBLICATION, DISTRIBUTION, ETC. (IMPRINT)
Place of publication, distribution, etc. New York
Name of publisher, distributor, etc. McGraw-Hill
Date of publication, distribution, etc. 1967
300 ## - PHYSICAL DESCRIPTION
Extent viii,1007p.
Other physical details ill.
Dimensions 23 cm.
490 0# - SERIES STATEMENT
Series statement McGraw-Hill chemical engineering series
504 ## - BIBLIOGRAPHY, ETC. NOTE
Bibliography, etc Includes bibliographies
650 #0 - SUBJECT ADDED ENTRY--TOPICAL TERM
Topical term or geographic name as entry element Chemical engineering
700 1# - ADDED ENTRY--PERSONAL NAME
Personal name Smith, Julian C.
942 ## - ADDED ENTRY ELEMENTS (KOHA)
Koha item type General Book
Holdings
Shelving location Date acquired Withdrawn status Koha full call number Price effective from Koha issues (times borrowed) Koha normalized classification for sorting Koha date last borrowed Copy number Source of classification or shelving scheme Piece designation (barcode) Koha date last seen Not for loan Koha item type Damaged status Sublocation or collection (holding branch) Location (home branch) Lost status
Circulation section2015-03-02 660.2842/MCC/19672015-03-021660_284200000000000_MCC_19672017-09-271 297542017-11-20 General Book Central Library, BUETCentral Library, BUET 
Circulation section2015-03-02 660.2842/MCC/19672015-03-02 660_284200000000000_MCC_1967 2 297672015-03-02 General Book Central Library, BUETCentral Library, BUET 
Circulation section2015-03-02 660.2842/MCC/19672015-03-02 660_284200000000000_MCC_1967 3 297602015-03-02 General Book Central Library, BUETCentral Library, BUET 
Circulation section2015-05-17 660.2842/MCC/19672015-05-17 660_284200000000000_MCC_1967 4 297632015-05-17 General Book Central Library, BUETCentral Library, BUET